Developing Mental Power/ (Record no. 201908)

MARC details
000 -LEADER
fixed length control field 00538nam a22001817a 4500
005 - DATE AND TIME OF LATEST TRANSACTION
control field 20240403112548.0
010 ## - LCCN (DPL NO)
LC control number ENG-140026
020 ## - INTERNATIONAL STANDARD BOOK NUMBER
Terms of availability 495.00
International Standard Book Number 9789354980253
035 ## - SYSTEM CONTROL NUMBER
System control number EN-123558
037 ## - SOURCE OF ACQUISITION
Source of stock number/acquisition DBAD/PUB
082 ## - DEWEY DECIMAL CLASSIFICATION NUMBER
Classification number 128.2
100 ## - MAIN ENTRY--PERSONAL NAME
Personal name Strattom,George Malcolm
245 ## - TITLE STATEMENT
Title Developing Mental Power/
Statement of responsibility, etc By George Malcolm Strattom
260 ## - PUBLICATION, DISTRIBUTION, ETC. (IMPRINT)
Place of publication, distribution, etc Delhi
Name of publisher, distributor, etc FBS Publishers & Distributors
Date of publication, distribution, etc 2022
270 ## - ADDRESS
City Delhi
Address 918, Mukerjee Nagar
Postal code 110009
300 ## - PHYSICAL DESCRIPTION
Extent 99p:
Dimensions 22(hb)
942 ## - ADDED ENTRY ELEMENTS (KOHA)
Source of classification or shelving scheme Dewey Decimal Classification
Item type English Books
Classification part 128.2
Call number suffix STR
Holdings
Withdrawn status Lost status Not for loan Collection code Home library Current library Date acquired Source of acquisition Cost, normal purchase price Full call number Barcode Copy number Cost, replacement price Koha item type
      Non-fiction Bawana Bawana 03/04/2024 DBAD 495.00 128.8 STR EN-123558 1 495.00 English Books

© Delhi Public Library
Hit Counter
free hit counter